[Event "Nordic-ch"]
[Site "Bergen"]
[Date "2001.08.04"]
[Round "1"]
[White "Miellet Bensan, Yves"]
[Black "Sorensen, Henrik"]
[Result "1-0"]
[WhiteElo "2243"]
[BlackElo "2245"]
[PlyCount "59"]
[EventDate "2001.08.04"]
[EventType "swiss"]
[EventRounds "9"]
[EventCountry "NOR"]
[SourceTitle "CBM 083 Extra"]
[Source "ChessBase"]
[SourceDate "2001.09.11"]
[SourceVersion "1"]
[SourceVersionDate "2001.09.11"]
[SourceQuality "1"]

1. e4 c5 2. Nc3 d6 3. f4 Nc6 4. Nf3 g6 5. Bc4 Bg7 6. 0-0 Na5 7. Bb5+ Bd7 8. Qe2 Nh6 9. a4 0-0 10. h3 f6 11. d4 cxd4 12. Nxd4 a6 13. Bxd7 Qxd7 14. f5 Nf7 15. Nd5 Rab8 16. Ne6 Rfe8 17. b4 gxf5 18. Nxg7 Kxg7 19. bxa5 fxe4 20. Qxe4 Kh8 21. Ra3 Ne5 22. Rf4 Rg8 23. Rh4 Ng6 24. Rh5 Rbc8 25. Rg3 Qe8 26. Bb2 Qf7 27. Nxe7 Ne5 28. Rxg8+ Rxg8 29. Nxg8 Qxh5 30. Nxf6 1-0

[Event "Troll Masters"]
[Site "Gausdal"]
[Date "2001.01.07"]
[Round "3"]
[White "Sorensen, Henrik"]
[Black "Moen, Andreas"]
[Result "0-1"]
[WhiteElo "2245"]
[BlackElo "2227"]
[PlyCount "52"]
[EventDate "2001.01.05"]
[EventType "swiss"]
[EventRounds "9"]
[EventCountry "NOR"]
[SourceTitle "CBM 080 Extra"]
[Source "ChessBase"]
[SourceDate "2001.03.08"]
[SourceVersion "1"]
[SourceVersionDate "2001.03.08"]
[SourceQuality "1"]

1. d4 d5 2. Nf3 Nf6 3. Bg5 Ne4 4. Bh4 c5 5. e3 Qb6 6. Qc1 Bg4 7. dxc5 Nxc5 8. Nbd2 Nc6 9. Bg3 Rc8 10. a3 g6 11. b3 Bg7 12. Rb1 Ne4 13. Bd3 Nc3 14. Rb2 e5 15. e4 Bxf3 16. gxf3 Nd4 17. Kf1 Qf6 18. Kg2 Bh6 19. Re1 Bxd2 20. Qxd2 Qxf3+ 21. Kg1 Qxg3+ 22. fxg3 Nf3+ 23. Kf2 Nxd2 24. exd5 e4 25. Be2 0-0 26. Ke3 Nf3 0-1

[Event "Troll Masters"]
[Site "Gausdal"]
[Date "2001.01.05"]
[Round "1"]
[White "Sorensen, Henrik"]
[Black "Johansson, Per"]
[Result "0-1"]
[WhiteElo "2245"]
[BlackElo "2082"]
[PlyCount "82"]
[EventDate "2001.01.05"]
[EventType "swiss"]
[EventRounds "9"]
[EventCountry "NOR"]
[SourceTitle "CBM 080 Extra"]
[Source "ChessBase"]
[SourceDate "2001.03.08"]
[SourceVersion "1"]
[SourceVersionDate "2001.03.08"]
[SourceQuality "1"]

1. d4 d5 2. Nf3 Nf6 3. Bg5 c6 4. e3 Qb6 5. Qc1 Bf5 6. Be2 Nbd7 7. 0-0 h6 8. Bh4 g5 9. Bg3 Ne4 10. c4 Nxg3 11. fxg3 Bg6 12. Nc3 dxc4 13. Bxc4 Bg7 14. Qd2 0-0 15. Kh1 Rad8 16. Qe2 e5 17. Rad1 e4 18. Nd2 Nf6 19. Rb1 Qb4 20. a3 Qe7 21. b4 Bh5 22. Qe1 Bg6 23. Qd1 Nd5 24. Nxd5 cxd5 25. Ba2 f5 26. Qe2 Qd6 27. Rbc1 b6 28. Rc3 Rc8 29. Rfc1 Rxc3 30. Rxc3 f4 31. gxf4 gxf4 32. b5 fxe3 33. Qxe3 Qf6 34. Bxd5+ Kh8 35. Rc6 Qf2 36. Qxf2 Rxf2 37. Rxg6 e3 38. Kg1 exd2 39. Bb3 Bxd4 40. Rg8+ Kh7 41. Rd8 Rf4+ 0-1

[Event "DEN-chT 9798"]
[Site "Denmark"]
[Date "1998.03.14"]
[Round "6.5"]
[White "Buch, Carsten"]
[Black "Sorensen, Henrik"]
[Result "1/2-1/2"]
[WhiteElo "2245"]
[BlackElo "2245"]
[PlyCount "47"]
[EventDate "1997.11.02"]
[EventType "team-tourn"]
[EventRounds "7"]
[EventCountry "DEN"]
[SourceTitle "EXT 2023"]
[Source "ChessBase"]
[SourceDate "2022.10.05"]
[SourceVersion "1"]
[SourceVersionDate "2022.10.05"]
[SourceQuality "1"]
[WhiteTeam "Aarhus"]
[BlackTeam "Frederiksberg"]
[WhiteTeamCountry "DEN"]
[BlackTeamCountry "DEN"]

1. c4 e5 2. g3 Nf6 3. Bg2 c6 4. Nf3 e4 5. Nd4 d5 6. cxd5 cxd5 7. 0-0 Qb6 8. Nb3 Bf5 9. d3 Nc6 10. dxe4 dxe4 11. Be3 Qc7 12. Nd4 Nxd4 13. Qxd4 Bd6 14. Nc3 Be5 15. Nd5 Nxd5 16. Qxd5 0-0 17. Rac1 Qd6 18. Bxe4 Bxe4 19. Qxe4 Rfe8 20. Qxb7 Rab8 21. Qf3 Rxb2 22. Rfd1 Qe6 23. Bxa7 Rxa2 24. Be3 1/2-1/2

[Event "Politiken Cup 17th"]
[Site "Copenhagen"]
[Date "1995.??.??"]
[Round "5"]
[White "Van Wissen, Michiel"]
[Black "Sorensen, Henrik"]
[Result "1/2-1/2"]
[WhiteElo "2140"]
[BlackElo "2255"]
[PlyCount "104"]
[EventDate "1995.06.??"]
[EventType "swiss"]
[EventRounds "10"]
[EventCountry "DEN"]
[SourceTitle "CBM 047 Extra"]
[Source "ChessBase"]
[SourceDate "1995.09.01"]
[SourceVersion "1"]
[SourceVersionDate "1995.09.01"]
[SourceQuality "1"]

1. e4 c6 2. d4 d5 3. e5 c5 4. dxc5 e6 5. Be3 Nd7 6. Bb5 Qc7 7. b4 Qxe5 8. c3 Qc7 9. Nf3 Ne7 10. 0-0 Nc6 11. Qd2 Be7 12. c4 a6 13. cxd5 axb5 14. d6 Bxd6 15. cxd6 Qd8 16. Nc3 0-0 17. Nxb5 Nde5 18. Nxe5 Nxe5 19. a4 Bd7 20. Nc3 Qh4 21. Qd4 Qxd4 22. Bxd4 Nc6 23. Bc5 b6 24. Bxb6 Nxb4 25. Rfb1 Rfc8 26. Rxb4 Rxc3 27. a5 Kf8 28. Rab1 Rc2 29. Bc7 f6 30. h3 Ra2 31. Rb7 e5 32. Bb6 Ke8 33. Rc1 Rd2 34. Bc7 Ra6 35. Rb8+ Kf7 36. Rd8 Ke6 37. Rh8 h6 38. Rg8 Kf7 39. Rd8 Ke6 40. Re1 Bc6 41. Rb1 Ra8 42. Rxa8 Bxa8 43. Rb8 Bc6 44. Rb6 Kd7 45. Rb8 Ke6 46. a6 Ra2 47. Rb6 Kd7 48. Bb8 e4 49. a7 e3 50. fxe3 Rxg2+ 51. Kf1 Ra2 52. h4 h5 1/2-1/2

[Event "Politiken Cup 16th"]
[Site "Copenhagen"]
[Date "1994.??.??"]
[Round "8"]
[White "Gretarsson, Helgi Ass"]
[Black "Sorensen, Henrik"]
[Result "1/2-1/2"]
[WhiteElo "2390"]
[BlackElo "2245"]
[PlyCount "149"]
[EventDate "1994.06.??"]
[EventType "swiss"]
[EventRounds "10"]
[EventCountry "DEN"]
[SourceTitle "EXT 1999"]
[Source "ChessBase"]
[SourceDate "1998.11.16"]
[SourceVersion "1"]
[SourceVersionDate "1998.11.16"]
[SourceQuality "1"]

1. e4 c6 2. c4 d5 3. exd5 cxd5 4. cxd5 Nf6 5. Bb5+ Nbd7 6. Nc3 g6 7. Nf3 Bg7 8. d6 exd6 9. Qe2+ Qe7 10. d4 Qxe2+ 11. Kxe2 a6 12. Bd3 Nb6 13. Bf4 Ke7 14. Rac1 Rd8 15. Ne4 Nfd5 16. Bg5+ f6 17. Bd2 h6 18. Ba5 Re8 19. Kd2 f5 20. Ng3 Bd7 21. Rhe1+ Kf6 22. h4 Rxe1 23. Rxe1 Nc8 24. Kc2 Nce7 25. Bd2 Rc8+ 26. Kb1 Kf7 27. a3 b5 28. Bc2 Be6 29. Ne2 Rc6 30. Bd3 Bd7 31. Bc2 Be6 32. Bd3 Bd7 33. Nc1 Rc8 34. Nb3 Ng8 35. Na5 Bf8 36. Nb3 Ngf6 37. Na5 Ng4 38. Re2 Re8 39. Be1 Rxe2 40. Bxe2 Nf4 41. Bf1 Be6 42. Bd2 Nd5 43. Be1 Ndf6 44. Nd2 Bd5 45. f3 Ne3 46. Bf2 f4 47. Kc1 Nxf1 48. Nxf1 Nh5 49. Kc2 Be7 50. Nb3 Ng7 51. Nc1 Nf5 52. Nd3 g5 53. hxg5 hxg5 54. Nh2 Bf6 55. Nb4 Bb7 56. Kd3 a5 57. Nc2 Ke6 58. Ng4 Bd8 59. b3 Bd5 60. Kc3 Bc6 61. Kd3 Kd5 62. b4 a4 63. Be1 Be8 64. g3 Bg6 65. Kc3 Nxg3 66. Nge3+ fxe3 67. Nxe3+ Ke6 68. Bxg3 Bf6 69. Ng4 Bg7 70. Ne3 Bh5 71. f4 gxf4 72. Bxf4 Bg6 73. Bg5 Be4 74. Bf4 Bf8 75. Bg5 1/2-1/2

[Event "Politiken Cup 16th"]
[Site "Copenhagen"]
[Date "1994.??.??"]
[Round "4"]
[White "Pedersen, Bjarne"]
[Black "Sorensen, Henrik"]
[Result "1/2-1/2"]
[WhiteElo "2250"]
[BlackElo "2245"]
[PlyCount "39"]
[EventDate "1994.06.??"]
[EventType "swiss"]
[EventRounds "10"]
[EventCountry "DEN"]
[SourceTitle "EXT 1999"]
[Source "ChessBase"]
[SourceDate "1998.11.16"]
[SourceVersion "1"]
[SourceVersionDate "1998.11.16"]
[SourceQuality "1"]

1. d4 Nf6 2. c4 a6 3. f3 c5 4. d5 e5 5. Nc3 d6 6. e4 Be7 7. Bd3 Nh5 8. Nge2 g6 9. 0-0 0-0 10. a3 Bg5 11. Rb1 f5 12. exf5 Bxc1 13. Qxc1 gxf5 14. Qh6 Ng7 15. Ng3 Rf6 16. Qg5 Qf8 17. b4 Rg6 18. Qd2 Nd7 19. Qc2 Rf6 20. Na4 1/2-1/2

[Event "Politiken Cup 16th"]
[Site "Copenhagen"]
[Date "1994.??.??"]
[Round "5"]
[White "Sorensen, Henrik"]
[Black "Gasseholm, Finn"]
[Result "1-0"]
[WhiteElo "2245"]
[BlackElo "2140"]
[PlyCount "105"]
[EventDate "1994.06.??"]
[EventType "swiss"]
[EventRounds "10"]
[EventCountry "DEN"]
[SourceTitle "EXT 1999"]
[Source "ChessBase"]
[SourceDate "1998.11.16"]
[SourceVersion "1"]
[SourceVersionDate "1998.11.16"]
[SourceQuality "1"]

1. d4 Nf6 2. Nf3 g6 3. Bg5 Bg7 4. Nbd2 0-0 5. e4 d6 6. c3 Nbd7 7. Be2 e5 8. dxe5 Nxe5 9. Nxe5 dxe5 10. 0-0 Be6 11. h3 Qd6 12. Qc2 h6 13. Be3 Qc6 14. a4 a6 15. Rfe1 Rfd8 16. b4 b5 17. Ra3 Ne8 18. Rea1 Nd6 19. Bc5 Rab8 20. axb5 axb5 21. Ra6 Qd7 22. Be3 f5 23. f3 f4 24. Bf2 Qf7 25. Rc6 Ra8 26. Rca6 Rxa6 27. Rxa6 Kh7 28. Ra7 Nc4 29. Nxc4 Bxc4 30. Bc5 Bxe2 31. Qxe2 Qb3 32. Kh2 Qb1 33. Qa2 Qxa2 34. Rxa2 Kg8 35. Kg1 Rd3 36. Rc2 Kf7 37. Kf2 Ke6 38. Ke2 Rd8 39. Ra2 c6 40. Ra6 Rc8 41. c4 bxc4 42. b5 Kd7 43. Ra7+ Ke6 44. Re7+ Kf6 45. b6 Bf8 46. b7 Rd8 47. Bb6 Rb8 48. Rd7 Ke6 49. Ba7 Re8 50. Rd1 Bd6 51. Rxd6+ Kxd6 52. b8Q+ Rxb8 53. Bxb8+ 1-0

[Event "Politiken Cup 16th"]
[Site "Copenhagen"]
[Date "1994.??.??"]
[Round "2"]
[White "Sorensen, Henrik"]
[Black "Mortensen, Henrik"]
[Result "1-0"]
[WhiteElo "2245"]
[BlackElo "2150"]
[PlyCount "43"]
[EventDate "1994.06.??"]
[EventType "swiss"]
[EventRounds "10"]
[EventCountry "DEN"]
[SourceTitle "EXT 1999"]
[Source "ChessBase"]
[SourceDate "1998.11.16"]
[SourceVersion "1"]
[SourceVersionDate "1998.11.16"]
[SourceQuality "1"]

1. d4 f5 2. Qd3 d5 3. g4 fxg4 4. h3 g3 5. fxg3 Nf6 6. Nc3 c6 7. e4 dxe4 8. Nxe4 Nxe4 9. Qxe4 Qa5+ 10. Bd2 Qd5 11. Bg2 Be6 12. Qe2 Qc4 13. Qe3 Bd5 14. Bxd5 Qxd5 15. Nf3 Nd7 16. b3 0-0-0 17. c4 Qd6 18. Ng5 e5 19. Nf7 Qxd4 20. Qxd4 exd4 21. Nxh8 Ne5 22. 0-0 1-0

[Event "Politiken Cup 15th"]
[Site "Copenhagen"]
[Date "1993.??.??"]
[Round "8"]
[White "Brinck Claussen, Bjorn"]
[Black "Sorensen, Henrik"]
[Result "1/2-1/2"]
[WhiteElo "2385"]
[BlackElo "2220"]
[PlyCount "276"]
[EventDate "1993.06.??"]
[EventType "swiss"]
[EventRounds "10"]
[EventCountry "DEN"]
[SourceTitle "EXT 1999"]
[Source "ChessBase"]
[SourceDate "1998.11.16"]
[SourceVersion "1"]
[SourceVersionDate "1998.11.16"]
[SourceQuality "1"]

1. e4 c6 2. d4 d5 3. exd5 cxd5 4. c4 Nf6 5. Nc3 e6 6. Nf3 Bb4 7. Bd3 dxc4 8. Bxc4 0-0 9. 0-0 a6 10. Qd3 b5 11. Bb3 Bb7 12. Bg5 Be7 13. Rad1 Nbd7 14. Rfe1 Re8 15. d5 Nxd5 16. Bxd5 Bxd5 17. Nxd5 Bxg5 18. Nxg5 Nf8 19. Qf3 exd5 20. Qxf7+ Kh8 21. Rxe8 Qxe8 22. Qxd5 h6 23. Nf7+ Kh7 24. g3 Ra7 25. Ne5 Ng6 26. Nxg6 Qxg6 27. Qd6 Qc2 28. Qd3+ Qxd3 29. Rxd3 Rc7 30. b4 Rc2 31. a3 Ra2 32. g4 Kg8 33. Rf3 Rd2 34. Kg2 Rd4 35. Kg3 a5 36. bxa5 Ra4 37. h4 Rxa5 38. h5 Ra4 39. Rb3 Kf7 40. f3 Kf6 41. Kf2 Ra5 42. Rc3 Ra4 43. Rb3 Ra5 44. Ke3 Ke5 45. Kd3 Kd6 46. f4 Ra4 47. Ke3 Ke6 48. Kf3 Kf6 49. Kg3 Ra5 50. Kh4 Ra4 51. Rxb5 Rxa3 52. g5+ hxg5+ 53. fxg5+ Kf7 54. g6+ Kf6 55. Rb6+ Kf5 56. h6 gxh6 57. g7 Ra1 58. Rb5+ Kf6 59. g8N+ Kg7 60. Ne7 Rh1+ 61. Kg3 Rg1+ 62. Kh3 Rg5 63. Rb6 Kf7 64. Nc8 Kg7 65. Nd6 Kh7 66. Ne4 Re5 67. Nf6+ Kg7 68. Kh4 Ra5 69. Nh5+ Kh7 70. Nf4 Ra7 71. Rd6 Re7 72. Kg4 Rg7+ 73. Kf5 Rf7+ 74. Ke5 Ra7 75. Kf6 Rb7 76. Ne6 h5 77. Ng5+ Kh6 78. Kf5+ Kg7 79. Rg6+ Kh8 80. Rf6 Kg7 81. Ne6+ Kh7 82. Ng5+ Kg7 83. Ne6+ Kh7 84. Nd4 h4 85. Kg5 Ra7 86. Rh6+ Kg8 87. Nf5 Ra5 88. Rxh4 Kf7 89. Re4 Ra7 90. Nd6+ Kg7 91. Re6 Rd7 92. Nf5+ Kf7 93. Ra6 Rc7 94. Nd6+ Ke7 95. Ne4 Rb7 96. Nc3 Kd7 97. Kf5 Rc7 98. Ne4 Rc6 99. Ra1 Rc2 100. Ke5 Rh2 101. Rd1+ Kc7 102. Rc1+ Kb6 103. Nf6 Kb5 104. Rc8 Re2+ 105. Ne4 Re1 106. Rc2 Kb4 107. Kd4 Kb5 108. Nd6+ Kb6 109. Nf5 Rd1+ 110. Ke5 Rh1 111. Nd4 Rh5+ 112. Kd6 Rh6+ 113. Ne6 Kb5 114. Rc1 Kb4 115. Rc8 Kb5 116. Rg8 Kb4 117. Rg3 Kc4 118. Re3 Kb4 119. Kd5 Rh5+ 120. Kd4 Rh4+ 121. Kd3 Kb5 122. Nd4+ Kc5 123. Re5+ Kb6 124. Kc4 Kc7 125. Re7+ Kd6 126. Ra7 Ke5 127. Re7+ Kf6 128. Re1 Kf7 129. Kd5 Rh5+ 130. Kd6 Rh6+ 131. Ne6 Rf6 132. Kd7 Rf2 133. Kd6 Kg6 134. Nd4 Rg2 135. Ke6 Kg7 136. Re5 Kg6 137. Rf5 Rg1 138. Rf8 Kg7 1/2-1/2

[Event "Biel MTO op"]
[Site "Biel"]
[Date "1993.??.??"]
[Round "5"]
[White "Nemeth, Zoltan"]
[Black "Sorensen, Henrik"]
[Result "0-1"]
[WhiteElo "2415"]
[BlackElo "2220"]
[PlyCount "38"]
[EventDate "1993.07.??"]
[EventType "swiss"]
[EventRounds "11"]
[EventCountry "SUI"]
[SourceTitle "CBM 038"]
[Source "ChessBase"]
[SourceDate "1994.02.01"]
[SourceVersion "1"]
[SourceVersionDate "1994.02.01"]
[SourceQuality "1"]

1. Nf3 Nf6 2. c4 c6 3. g3 d5 4. b3 Qb6 5. Bg2 e5 6. 0-0 e4 7. Ne1 h5 8. cxd5 cxd5 9. d3 h4 10. dxe4 dxe4 11. Nc3 hxg3 12. hxg3 Qa5 13. Be3 Nc6 14. Qc2 Qh5 15. f3 Bf5 16. Qc1 Ne5 17. Nc2 Qh2+ 18. Kf2 exf3 19. exf3 Nd3+ 0-1

[Event "Politiken Cup 15th"]
[Site "Copenhagen"]
[Date "1993.??.??"]
[Round "10"]
[White "Petersen, Peter Birk"]
[Black "Sorensen, Henrik"]
[Result "1/2-1/2"]
[WhiteElo "2240"]
[BlackElo "2220"]
[PlyCount "41"]
[EventDate "1993.06.??"]
[EventType "swiss"]
[EventRounds "10"]
[EventCountry "DEN"]
[SourceTitle "EXT 1999"]
[Source "ChessBase"]
[SourceDate "1998.11.16"]
[SourceVersion "1"]
[SourceVersionDate "1998.11.16"]
[SourceQuality "1"]

1. e4 c6 2. Nc3 d5 3. Nf3 dxe4 4. Nxe4 Nd7 5. Bc4 e6 6. 0-0 Ngf6 7. Nxf6+ Nxf6 8. d4 Be7 9. Bg5 0-0 10. Qe2 Qc7 11. Rfe1 Bd7 12. Ne5 Rae8 13. Bd3 Bc8 14. Qf3 Nd5 15. Bd2 Nb4 16. Bxh7+ Kxh7 17. Qh5+ Kg8 18. Re3 f6 19. Rh3 fxe5 20. Qh7+ Kf7 21. Qh5+ 1/2-1/2

[Event "Farum op"]
[Site "Farum"]
[Date "1993.??.??"]
[Round "1"]
[White "Sorensen, Henrik"]
[Black "Akesson, Ralf"]
[Result "1-0"]
[WhiteElo "2220"]
[BlackElo "2465"]
[PlyCount "85"]
[EventDate "1993.10.??"]
[EventType "swiss"]
[EventRounds "9"]
[EventCountry "DEN"]
[SourceTitle "TD"]
[Source "ChessBase"]
[SourceDate "1994.03.01"]
[SourceVersion "1"]
[SourceVersionDate "1994.03.01"]
[SourceQuality "1"]

1. d4 Nf6 2. Nf3 e6 3. Bg5 h6 4. Bh4 b6 5. Nbd2 Bb7 6. e3 d6 7. Bb5+ Nbd7 8. 0-0 g5 9. Bg3 a6 10. Be2 Bg7 11. c3 Qe7 12. Ne1 h5 13. Bf3 d5 14. Bxc7 Rc8 15. Be5 Nxe5 16. dxe5 Ne4 17. Bxe4 dxe4 18. Qc2 Bxe5 19. Nxe4 g4 20. f4 gxf3 21. Nxf3 Bb8 22. Rad1 Rh6 23. Qd3 Rg6 24. Nd6+ Bxd6 25. Qxd6 b5 26. Rf2 Qxd6 27. Rxd6 b4 28. Ne5 bxc3 29. bxc3 Rg7 30. Nxf7 Ke7 31. Rb6 Rc7 32. Nd6 Bc6 33. Rd2 Rg8 34. Rxa6 Rb8 35. e4 Rb1+ 36. Kf2 Rc1 37. c4 Bd7 38. e5 Rc5 39. Re2 Rd1 40. Ra7 h4 41. h3 Rd3 42. a4 Ra3 43. Rd2 1-0

[Event "Farum op"]
[Site "Farum"]
[Date "1993.??.??"]
[Round "7"]
[White "Sorensen, Henrik"]
[Black "Brinck Claussen, Bjorn"]
[Result "1/2-1/2"]
[WhiteElo "2220"]
[BlackElo "2385"]
[PlyCount "24"]
[EventDate "1993.10.??"]
[EventType "swiss"]
[EventRounds "9"]
[EventCountry "DEN"]
[SourceTitle "TD"]
[Source "ChessBase"]
[SourceDate "1994.03.01"]
[SourceVersion "1"]
[SourceVersionDate "1994.03.01"]
[SourceQuality "1"]

1. d4 Nf6 2. Nf3 e6 3. Bg5 c5 4. e3 h6 5. Bh4 b6 6. c3 Bb7 7. Nbd2 Be7 8. Bg3 0-0 9. h3 cxd4 10. cxd4 Ne4 11. Nxe4 Bxe4 12. a3 d6 1/2-1/2

[Event "Politiken Cup 15th"]
[Site "Copenhagen"]
[Date "1993.??.??"]
[Round "3"]
[White "Sorensen, Henrik"]
[Black "Hald, Jens Erik Kofoed"]
[Result "1-0"]
[WhiteElo "2220"]
[BlackElo "2230"]
[PlyCount "93"]
[EventDate "1993.06.??"]
[EventType "swiss"]
[EventRounds "10"]
[EventCountry "DEN"]
[SourceTitle "EXT 1999"]
[Source "ChessBase"]
[SourceDate "1998.11.16"]
[SourceVersion "1"]
[SourceVersionDate "1998.11.16"]
[SourceQuality "1"]

1. d4 Nf6 2. Nf3 g6 3. Bg5 Bg7 4. Nbd2 0-0 5. c3 d6 6. e4 h6 7. Bh4 Qe8 8. Bc4 e5 9. dxe5 dxe5 10. 0-0 Nc6 11. Re1 g5 12. Bg3 Bg4 13. Qc2 Nh5 14. h3 Bd7 15. Nh2 Kh8 16. Ndf1 Nf4 17. Ne3 Ne7 18. Nf3 f5 19. exf5 Nxf5 20. Bxf4 exf4 21. Ng4 Qh5 22. Nfe5 Bc6 23. Nxc6 bxc6 24. Bd3 Qf7 25. Ne5 Bxe5 26. Rxe5 Nd6 27. Bg6 Qg7 28. Rae1 Rg8 29. Bh5 Qf8 30. c4 Rg7 31. Re6 c5 32. Rxh6+ Kg8 33. Bf3 Re8 34. Bd5+ Nf7 35. Rxe8 Qxe8 36. Re6 Qd8 37. Qe4 Kf8 38. Qf5 a5 39. Kh2 a4 40. Bc6 a3 41. bxa3 g4 42. Re8+ Qxe8 43. Bxe8 g3+ 44. Kg1 Kxe8 45. Qe6+ Kf8 46. Qc8+ Ke7 47. Qxc7+ 1-0

[Event "Politiken Cup 15th"]
[Site "Copenhagen"]
[Date "1993.??.??"]
[Round "5"]
[White "Sorensen, Henrik"]
[Black "Kaunas, Kestutis"]
[Result "0-1"]
[WhiteElo "2220"]
[BlackElo "2335"]
[PlyCount "70"]
[EventDate "1993.06.??"]
[EventType "swiss"]
[EventRounds "10"]
[EventCountry "DEN"]
[SourceTitle "EXT 1999"]
[Source "ChessBase"]
[SourceDate "1998.11.16"]
[SourceVersion "1"]
[SourceVersionDate "1998.11.16"]
[SourceQuality "1"]

1. d4 Nf6 2. Nf3 e6 3. Bg5 b6 4. e3 Bb7 5. Nbd2 Be7 6. Bd3 c5 7. 0-0 Nc6 8. c3 0-0 9. a3 Nd5 10. Bxe7 Qxe7 11. Re1 d6 12. e4 Nf4 13. Bf1 Qc7 14. g3 Ng6 15. Nc4 b5 16. Ne3 Nce7 17. Nd2 cxd4 18. cxd4 Qb6 19. Nc2 Rfc8 20. a4 a6 21. axb5 axb5 22. Rxa8 Bxa8 23. Bg2 Qa5 24. Re3 d5 25. e5 Nf5 26. Ra3 Qb6 27. Nb3 Bb7 28. Bf1 h6 29. Nb4 Rc4 30. Nc2 Ra4 31. Nc5 Rxa3 32. Nxa3 b4 33. Nc2 Bc6 34. b3 Nxe5 35. Na6 Nxd4 0-1

[Event "Politiken Cup 14th"]
[Site "Copenhagen"]
[Date "1992.07.02"]
[Round "10"]
[White "Sorensen, Henrik"]
[Black "Kristensen, Kaare Hove"]
[Result "1-0"]
[WhiteElo "2250"]
[BlackElo "2315"]
[PlyCount "39"]
[EventDate "1992.06.22"]
[EventType "swiss"]
[EventRounds "10"]
[EventCountry "DEN"]
[SourceTitle "EXT 2002"]
[Source "ChessBase"]
[SourceDate "2001.11.25"]
[SourceVersion "1"]
[SourceVersionDate "2001.11.25"]
[SourceQuality "1"]

1. d4 Nf6 2. Nf3 e6 3. Bg5 Be7 4. Nbd2 c5 5. c3 b6 6. e4 Bb7 7. Bd3 Nh5 8. Be3 d6 9. 0-0 Nd7 10. e5 g6 11. exd6 Bxd6 12. Be4 Bxe4 13. Nxe4 Be7 14. Bh6 Ndf6 15. Ne5 Qd5 16. Ng5 cxd4 17. Ngxf7 Nd7 18. c4 Nxe5 19. cxd5 Nxf7 20. Qa4+ 1-0

[Event "Politiken Cup 14th"]
[Site "Copenhagen"]
[Date "1992.06.25"]
[Round "4"]
[White "Sorensen, Henrik"]
[Black "Birk Petersen, Peter"]
[Result "1/2-1/2"]
[WhiteElo "2250"]
[BlackElo "2215"]
[PlyCount "40"]
[EventDate "1992.06.22"]
[EventType "swiss"]
[EventRounds "10"]
[EventCountry "DEN"]
[SourceTitle "EXT 2002"]
[Source "ChessBase"]
[SourceDate "2001.11.25"]
[SourceVersion "1"]
[SourceVersionDate "2001.11.25"]
[SourceQuality "1"]

1. d4 Nf6 2. Nf3 b6 3. Bg5 Bb7 4. Nbd2 e6 5. e3 Be7 6. Bd3 c5 7. c3 cxd4 8. cxd4 0-0 9. 0-0 d6 10. h3 Nbd7 11. Bf4 Re8 12. Nc4 Nf8 13. a4 Ng6 14. Bh2 Ne4 15. Qb3 Bf8 16. Rfd1 Ng5 17. Nxg5 Qxg5 18. Bf1 Bd5 19. Qd3 Bxc4 20. Qxc4 Rec8 1/2-1/2